header

Muslim ethics (Record no. 175922)

MARC details
000 -LEADER
fixed length control field 01279nam a2200337 a 4500
082 04 - DEWEY DECIMAL CLASSIFICATION NUMBER
Classification number 297.5
100 1# - MAIN ENTRY--AUTHOR NAME
Personal name Sajoo, Amyn B.
245 10 - TITLE STATEMENT
Title Muslim ethics
260 ## - PUBLICATION, DISTRIBUTION, ETC. (IMPRINT)
Place of publication London ;
-- New York :
Name of publisher I.B. Tauris Publishers in association with the Institute of Ismaili Studies,
Year of publication 2004.
300 ## - PHYSICAL DESCRIPTION
Number of Pages xvi, 164 p.
650 #0 - SUBJECT ADDED ENTRY--TOPICAL TERM
Topical Term Islamic ethics.
Topical Term Muslims
856 40 - ELECTRONIC LOCATION AND ACCESS
Uniform Resource Identifier http://site.ebrary.com/lib/rucke/Doc?id=10310809

No items available.

© 2026 Rongo University
Contact us: librarian | system librarian | Rongo university